PROCESS CONTROL (Record no. 34767)

MARC details
000 -LEADER
fixed length control field 00249nam a22001217a 4500
003 - CONTROL NUMBER IDENTIFIER
control field SGT
082 ## - DEWEY DECIMAL CLASSIFICATION NUMBER
Classification number 629.8,BHA
100 ## - MAIN ENTRY--PERSONAL NAME
Personal name BHANOT SUREKHA
245 ## - TITLE STATEMENT
Title PROCESS CONTROL
260 ## - PUBLICATION, DISTRIBUTION, ETC. (IMPRINT)
Name of publisher, distributor, etc OXFORD PUBLISHARS
Year of Publication 2010
300 ## - PAGE DESCRIPTION
No. of Pages 452
942 ## - ADDED ENTRY ELEMENTS (KOHA)
Source of classification or shelving scheme Dewey Decimal Classification
Koha item type Rare Books
Holdings
Withdrawn status Lost status Source of classification or shelving scheme Damaged status Not for loan Collection code Home library Current library Shelving location Date acquired Vendor Name SGTU Total Checkouts Full call number Accession No. (Barcode) Date last seen Bill Date Koha item type
    Dewey Decimal Classification   Not For Loan ENGINEERING SGT Engineering Library SGT Engineering Library Text Book 01/05/2026 GIFTED SGTU   629.8,BHA FE9566 01/05/2026 01/05/2026 Rare Books